Statystyki dla Wyróżniki województw na tablicach rejestracyjnych

Kliknij tutaj aby rozwiązać quiz!

Ogólne statystyki

  • Ten quiz został rozwiązany 51 razy
  • Średni wynik to 11 z 16

Statystyki odpowiedzi

HintOdpowiedź% Poprawnych
dolnośląskieD | V
95%
mazowieckieW | A
88%
lubelskieL
85%
opolskieO
85%
małopolskieK | J
78%
podkarpackieR | Y
78%
śląskieS | I
78%
wielkopolskieP | M
73%
podlaskieB
70%
pomorskieG | X
70%
łódzkieE
63%
kujawsko-pomorskieC
60%
lubuskieF
55%
zachodniopomorskieZ
55%
warmińsko-mazurskieN
40%
świętokrzyskieT
33%

Rozkład punktacji

Percentyl według liczby udzielonych odpowiedzi

Procent ludzi z każdym wynikiem

Twoja historia wyników

Nie rozwiązałeś tego quizu